| 000 | 00731nas a2200253 4500 | ||
|---|---|---|---|
| 001 | BR8903357 | ||
| 003 | BR-BrBNA | ||
| 005 | 20231205091625.0 | ||
| 007 | ta | ||
| 008 | 230509b bl.|||p| |||| 00| 00por d | ||
| 040 |
_aBR-BrBNA _bpor _cBiblioteca Nacional de Agricultura |
||
| 041 | _a(Pt) | ||
| 072 | _aF60 | ||
| 100 | 1 | _aLima Filho, J.M.P. | |
| 100 | 1 | _aSilva, C.M.M. de S. | |
| 245 | 1 | _aAspectos fisiologicos do umbuzeiro | |
| 650 | _aUMBU | ||
| 650 | _aTRANSPIRACAO VEGETAL | ||
| 650 | _aTEMPERATURA | ||
| 650 | _aESTOMATO | ||
| 773 | 0 |
_tPesquisa Agropecuaria Brasileira (Brazil) _xISSN 0100-204X _g(Oct 1988), v. 23(10) p. 1091-1094 _wBR8903357 |
|
| 909 |
_a202311 _bLúcia _c55 _dLúcia Elande |
||
| 942 |
_2AGRIS _n0 _cANA |
||
| 999 |
_c126258 _d126258 |
||